00514nam a2200145Ia 4500008004100000024006800041082001600109100009000125110001900215245003700234260002600271600002100297650003300318999001700351260210s9999 xx 000 0 und d a18B-081-CS, 18B-059-CS, 18B-080-CS, 17B-084-CS & 17B-079-CS a004.072 KHA aKhurram Khalil, Fatima Ilyas, Hassan Ahmed Inanmdar, Abdul basit & Wasi ur Rehman aSir Usman Arif 0aCervical Deormity Identification aKarachi:bUITU,c2018 aComputer Science aBachelor of Engineering (BE) c32498d32498